[Event "21ème open inter de La Réunion"]
[Site "Salle des fêtes de Bellepierr"]
[Date "2019.10.20"]
[Round "4.4"]
[White "Mezouaghi, Miloud"]
[Black "Testud, Philippe"]
[Result "0-1"]
[WhiteElo "2001"]
[BlackElo "2140"]
[PlyCount "98"]
[EventDate "2019.??.??"]

1. Nf3 Nf6 2. g3 d5 3. Bg2 e6 4. O-O Be7 5. b3 O-O 6. Bb2 b6 7. c4 c5 8. cxd5
Nxd5 9. d4 Nc6 10. e4 Nf6 11. e5 Nd5 12. Nc3 Nxc3 13. Bxc3 Ba6 14. Re1 Rc8 15.
dxc5 Bxc5 16. Qxd8 Rfxd8 17. Rad1 Nb4 18. Bxb4 Bxb4 19. Rxd8+ Rxd8 20. Rc1 Ba3
21. Re1 h6 22. h4 Kf8 23. Re4 Rd1+ 24. Kh2 Bb5 25. Nd4 Bd7 26. Nf3 Bc5 27. Re2
Bb5 28. Rc2 Ke7 29. b4 Ba4 30. Rb2 Bd4 31. Nxd4 Rxd4 32. f4 f6 33. exf6+ gxf6
34. Bf3 e5 35. fxe5 fxe5 36. Kg2 e4 37. Be2 Kd6 38. Kf2 Ke5 39. Ke3 Rd7 40. b5
Rc7 41. Kd2 Rc5 42. a3 Rd5+ 43. Ke3 Bd1 44. Rd2 Rxd2 45. Kxd2 Bxe2 46. Kxe2 h5
47. g4 hxg4 48. Kf2 Kf4 49. h5 Kg5 0-1

[Event "21ème open inter de La Réunion"]
[Site "Salle des fêtes de Bellepierr"]
[Date "2019.10.20"]
[Round "4.5"]
[White "Triton, Maxime"]
[Black "Roblet, Charles"]
[Result "1-0"]
[WhiteElo "1835"]
[BlackElo "2063"]
[PlyCount "47"]
[EventDate "2019.??.??"]

1. e4 c5 2. Nf3 Nc6 3. Bb5 g6 4. Bxc6 dxc6 5. d3 Bg7 6. h3 e5 7. Be3 Qe7 8.
Nbd2 Nf6 9. a4 b6 10. Nc4 Nd7 11. O-O O-O 12. Nfd2 Ba6 13. f4 Rad8 14. f5 f6
15. Qg4 g5 16. h4 h6 17. hxg5 hxg5 18. Kf2 Rf7 19. Rh1 Kf8 20. Rh7 Ke8 21. Qh5
Qf8 22. Qg6 Ke7 23. Bxg5 fxg5 24. Qe6# 1-0

[Event "21ème open inter de La Réunion"]
[Site "Salle des fêtes de Bellepierr"]
[Date "2019.10.20"]
[Round "4.6"]
[White "Ramasindraibe, Girard"]
[Black "Dace, Jean Emeric"]
[Result "0-1"]
[WhiteElo "2150"]
[BlackElo "1654"]
[PlyCount "104"]
[EventDate "2019.??.??"]

1. c4 Nf6 2. Nc3 e6 3. Nf3 d5 4. d4 dxc4 5. e3 Be7 6. Bxc4 c6 7. O-O O-O 8. a3
Nbd7 9. Qe2 Qc7 10. e4 e5 11. Bg5 Nb6 12. Ba2 Bg4 13. dxe5 Bxf3 14. Qxf3 Qxe5
15. Bh4 Nbd7 16. Rae1 Kh8 17. Kh1 Qa5 18. Qh3 Ne5 19. f4 Ng6 20. Bg5 Ng8 21.
Bxe7 N6xe7 22. e5 Rad8 23. Ne4 Nd5 24. Bb1 Nxf4 25. Qf5 Ng6 26. Nd6 Nh6 27. Qf2
Qa6 28. Qc2 f6 29. Qb3 fxe5 30. Bd3 Rxf1+ 31. Rxf1 b5 32. Qe6 Nf4 33. Qe7 Qb6
34. g3 c5 35. gxf4 Qxd6 36. Qxd6 Rxd6 37. Bxb5 exf4 38. Rxf4 g6 39. Rf2 Nf5 40.
Kg2 c4 41. Re2 Rd4 42. Kf2 Rf4+ 43. Ke1 Kg7 44. Rd2 Nd4 45. Ba4 Nf3+ 46. Ke2
Nxd2 47. Kxd2 Rf2+ 48. Kc3 Rxh2 49. Bb5 Rh3+ 50. Kxc4 Rh2 51. Kc3 g5 52. b4
Rh3+ 0-1

[Event "21ème open inter de La Réunion"]
[Site "Salle des fêtes de Bellepierr"]
[Date "2019.10.20"]
[Round "4.7"]
[White "Quere, Alexandre"]
[Black "Pun Chung, Leo"]
[Result "1-0"]
[WhiteElo "2042"]
[BlackElo "1654"]
[PlyCount "51"]
[EventDate "2019.??.??"]

1. Nf3 c5 2. c4 Nc6 3. d4 cxd4 4. Nxd4 g6 5. Nc3 Bg7 6. Nc2 Nf6 7. e4 O-O 8.
Be2 d6 9. Be3 Bd7 10. f3 Rc8 11. Qd2 Ne5 12. b3 Qa5 13. a4 Ne8 14. Bd4 f5 15.
O-O Nc6 16. Bxg7 Kxg7 17. Kh1 f4 18. Rg1 h5 19. g3 e5 20. gxf4 exf4 21. b4 Qd8
22. Nd5 Qh4 23. Ne1 Ne5 24. Ng2 Qh3 25. Ngxf4 Nxf3 26. Qc3+ 1-0

[Event "21ème open inter de La Réunion"]
[Site "Salle des fêtes de Bellepierr"]
[Date "2019.10.20"]
[Round "4.8"]
[White "Frelicot, Eric"]
[Black "Dijoux, Julien"]
[Result "1/2-1/2"]
[WhiteElo "1609"]
[BlackElo "1891"]
[PlyCount "61"]
[EventDate "2019.??.??"]

1. c4 g6 2. Nc3 Bg7 3. e4 c5 4. g3 d6 5. Bg2 Nc6 6. Nge2 h5 7. h4 a6 8. d3 e6
9. a3 Nge7 10. Bg5 Qc7 11. Qd2 Rb8 12. O-O Nd4 13. Nxd4 cxd4 14. Ne2 f6 15.
Nxd4 fxg5 16. Nf3 gxh4 17. Nxh4 Bh6 18. Qc3 O-O 19. d4 e5 20. Rad1 g5 21. dxe5
dxe5 22. Nf3 Bg4 23. c5 Bxf3 24. Bxf3 g4 25. Be2 Rbd8 26. Qc4+ Kg7 27. Rxd8
Rxd8 28. Qe6 Qxc5 29. Bc4 Rf8 30. b4 Qc7 31. Rd1 1/2-1/2

[Event "21ème open inter de La Réunion"]
[Site "Salle des fêtes de Bellepierr"]
[Date "2019.10.20"]
[Round "4.9"]
[White "Randriambololona, Herimanjatosoa"]
[Black "Desire, Michael"]
[Result "1-0"]
[WhiteElo "1886"]
[BlackElo "1652"]
[PlyCount "70"]
[EventDate "2019.??.??"]

1. e4 c6 2. d4 d5 3. Nd2 dxe4 4. Nxe4 Nd7 5. Bc4 Ngf6 6. Ng5 e6 7. Qe2 Nb6 8.
Bb3 h6 9. N5f3 Qc7 10. Ne5 c5 11. Ngf3 cxd4 12. Nxd4 Bb4+ 13. c3 Bxc3+ 14. bxc3
Qxc3+ 15. Qd2 Qxa1 16. O-O Ne4 17. Qe3 Qc3 18. Qxe4 O-O 19. Nb5 Qc5 20. a4 f5
21. Qe2 Qb4 22. Qa2 Rf6 23. Ba3 Qe4 24. Bd6 Bd7 25. Nc7 Rd8 26. a5 Nc8 27. Nxd7
Rg6 28. Bg3 f4 29. Nxe6 Rxe6 30. Bxe6+ Kh8 31. Bh4 Re8 32. Bf7 f3 33. Bxe8 Qxh4
34. Qf7 fxg2 35. Rc1 Ne7 1-0

[Event "21ème open inter de La Réunion"]
[Site "Salle des fêtes de Bellepierr"]
[Date "2019.10.20"]
[Round "4.10"]
[White "Grondin, Marine"]
[Black "Rebut, Paul"]
[Result "0-1"]
[WhiteElo "1478"]
[BlackElo "1863"]
[PlyCount "74"]
[EventDate "2019.??.??"]

1. e4 c5 2. Nf3 d6 3. c3 Nf6 4. Be2 Nc6 5. Qc2 Bd7 6. O-O e6 7. d4 cxd4 8. cxd4
Rc8 9. Nc3 Be7 10. Be3 a6 11. Rac1 O-O 12. Qd2 b5 13. a3 Na5 14. Qd1 Bc6 15. e5
Nd5 16. Bd2 Nb6 17. Re1 Nbc4 18. Bxc4 Nxc4 19. Rc2 Bxf3 20. gxf3 dxe5 21. dxe5
Bg5 22. Ne4 Bxd2 23. Nxd2 Qg5+ 24. Kh1 Rcd8 25. Re2 Rd5 26. Qg1 Qf5 27. Qc1
Rfd8 28. b3 Nxd2 29. Rexd2 Qxf3+ 30. Kg1 h6 31. Qb2 Qf4 32. Rxd5 Rxd5 33. Rc8+
Kh7 34. Qc2+ g6 35. h3 Qf3 36. Qc6 Rd1+ 37. Kh2 Rh1# 0-1

[Event "21ème open inter de La Réunion"]
[Site "Salle des fêtes de Bellepierr"]
[Date "2019.10.20"]
[Round "4.11"]
[White "Folio, Pierre"]
[Black "Evrin, Selvam"]
[Result "0-1"]
[WhiteElo "1246"]
[BlackElo "1788"]
[PlyCount "86"]
[EventDate "2019.??.??"]

1. e4 c5 2. c3 Nf6 3. e5 Nd5 4. Nf3 Nc6 5. d4 cxd4 6. cxd4 d6 7. exd6 Qxd6 8.
Be2 Bf5 9. O-O e6 10. Nc3 Be7 11. Qb3 Nb6 12. Be3 O-O 13. Nb5 Qd8 14. Rac1 a6
15. Nc3 Na5 16. Qd1 Nac4 17. Bxc4 Nxc4 18. Qb3 b5 19. a4 Na5 20. Qd1 b4 21. Ne2
Bg4 22. Ng3 Qd5 23. h3 Bxf3 24. Qxf3 Qxf3 25. gxf3 f5 26. Bf4 Bf6 27. Be5 Nb3
28. Rcd1 Bxe5 29. dxe5 Rfd8 30. Rfe1 Nc5 31. a5 Nd3 32. Re3 Nxb2 33. Rd6 Nc4
34. Rxe6 Rd1+ 35. Kh2 Nxe3 36. fxe3 Rd2+ 37. Kg1 b3 38. Rb6 b2 39. Nf1 Rc2 40.
e6 Re8 41. h4 Rxe6 42. Rxe6 b1=Q 43. Rxa6 Qb7 0-1

[Event "21ème open inter de La Réunion"]
[Site "Salle des fêtes de Bellepierr"]
[Date "2019.10.20"]
[Round "4.12"]
[White "Goorsahye, Antoine"]
[Black "Rajaobelina, Hery"]
[Result "1-0"]
[WhiteElo "1786"]
[BlackElo "1625"]
[PlyCount "51"]
[EventDate "2019.??.??"]

1. e4 e5 2. Nf3 Nf6 3. Nc3 d6 4. d4 Nbd7 5. Bc4 Be7 6. O-O c6 7. h3 b5 8. Bd3
O-O 9. Re1 h6 10. a4 b4 11. Ne2 a5 12. Ng3 Nh7 13. Nf5 exd4 14. N3xd4 Nb8 15.
Bxh6 c5 16. Qg4 g6 17. Nf3 Kh8 18. Qg3 Rg8 19. Nxe7 Qxe7 20. Bf4 Rd8 21. Rad1
Nf6 22. Qh4+ Kg7 23. Qh6+ Kg8 24. e5 dxe5 25. Rxe5 Qd6 26. Be2 1-0

[Event "21ème open inter de La Réunion"]
[Site "Salle des fêtes de Bellepierr"]
[Date "2019.10.20"]
[Round "4.13"]
[White "De Peindray D'Ambell, Philippe"]
[Black "Fondrat, Johan"]
[Result "1/2-1/2"]
[WhiteElo "1724"]
[BlackElo "1541"]
[PlyCount "75"]
[EventDate "2019.??.??"]

1. e4 e5 2. Nf3 Nc6 3. d4 exd4 4. Bc4 Bc5 5. c3 Nge7 6. cxd4 Bb4+ 7. Bd2 Bxd2+
8. Nbxd2 d5 9. exd5 Nxd5 10. O-O O-O 11. Re1 Be6 12. Nb3 b6 13. Ne5 Nxe5 14.
dxe5 c5 15. Qf3 Nb4 16. Qe2 Bxc4 17. Qxc4 Qd3 18. Qxd3 Nxd3 19. Re2 Rfe8 20.
Rd1 Rxe5 21. Red2 c4 22. Nc1 Nxc1 23. Rxc1 b5 24. Kf1 g6 25. h4 h5 26. Rd7 a6
27. g3 Rae8 28. Rd2 Kg7 29. a3 R8e6 30. Rcc2 a5 31. a4 Rc6 32. axb5 Rxb5 33.
Rd4 Rb4 34. Rd5 a4 35. Ra5 Rcb6 36. Rc3 Rxb2 37. Rxa4 R6b4 38. Rxc4 1/2-1/2

[Event "21ème open inter de La Réunion"]
[Site "Salle des fêtes de Bellepierr"]
[Date "2019.10.20"]
[Round "4.14"]
[White "Padre, Maxime"]
[Black "Alex-Geerjanan, Nils"]
[Result "1-0"]
[WhiteElo "1512"]
[BlackElo "1009"]
[PlyCount "87"]
[EventDate "2019.??.??"]

1. b3 f5 2. Bb2 Nf6 3. e3 Nc6 4. f4 e6 5. Nf3 b6 6. Be2 Bb7 7. O-O Ne7 8. Ng5
Ng6 9. Bf3 Ne4 10. Nxe4 fxe4 11. Bh5 Qe7 12. Qg4 O-O-O 13. Bxg6 hxg6 14. Qxg6
Rh6 15. Qg3 Qh4 16. Qxh4 Rxh4 17. Nc3 Bb4 18. a3 Be7 19. Rf2 g5 20. Ne2 gxf4
21. Nxf4 Rg4 22. b4 Rf8 23. c4 d6 24. Nxe6 Rxf2 25. Kxf2 Rg8 26. Kg1 Kb8 27.
Rf1 Bc8 28. Nd4 c5 29. Nc6+ Kb7 30. Nxe7 Re8 31. Nxc8 Rxc8 32. Rf7+ Kb8 33. Rd7
Rc6 34. b5 Rc8 35. Rxd6 Kc7 36. Rc6+ Kb7 37. Rxc8 Kxc8 38. h4 Kd8 39. h5 Ke8
40. h6 Kf8 41. h7 Ke8 42. h8=Q+ Kd7 43. Qg7+ Ke6 44. Qf6+ 1-0

[Event "21ème open inter de La Réunion"]
[Site "Salle des fêtes de Bellepierr"]
[Date "2019.10.20"]
[Round "4.15"]
[White "Torregrosa, Antoine"]
[Black "Bah, Ismael"]
[Result "0-1"]
[WhiteElo "1501"]
[BlackElo "1660"]
[PlyCount "108"]
[EventDate "2019.??.??"]

1. Nf3 Nf6 2. b4 d6 3. Bb2 e5 4. e3 Be7 5. Be2 O-O 6. O-O c6 7. d4 e4 8. Nfd2
d5 9. a3 Be6 10. f3 exf3 11. Bxf3 Bf5 12. c4 Bd3 13. Be2 Bg6 14. cxd5 Nxd5 15.
Qb3 Bg5 16. e4 Nf4 17. Bf3 Bf6 18. e5 Bg5 19. Be4 Ne2+ 20. Kh1 Nxd4 21. Bxd4
Qxd4 22. Bxg6 hxg6 23. Ra2 Bxd2 24. Rxd2 Qxe5 25. Rdf2 Qd5 26. Qg3 Na6 27. Nc3
Qe6 28. Re2 Qb3 29. Re7 Rab8 30. Ne4 Qxg3 31. Nxg3 f6 32. Kg1 Rfe8 33. Rfe1 Kf8
34. Rxe8+ Rxe8 35. Rd1 Nb8 36. Kf2 Ke7 37. Ne4 b6 38. Rd3 Rd8 39. Rg3 Kf7 40.
Rf3 Rd5 41. g4 a5 42. Ke3 axb4 43. axb4 Na6 44. g5 f5 45. Nc3 Re5+ 46. Kd4 Re6
47. b5 c5+ 48. Kc4 Nc7 49. h4 Rd6 50. Rf4 Rd2 51. Na4 Rd6 52. Nxb6 Rxb6 53.
Kxc5 Rxb5+ 54. Kc6 Re5 0-1

[Event "21ème open inter de La Réunion"]
[Site "Salle des fêtes de Bellepierr"]
[Date "2019.10.20"]
[Round "4.16"]
[White "Eboue, Yuri"]
[Black "Weber, Richard"]
[Result "1/2-1/2"]
[WhiteElo "1310"]
[BlackElo "1486"]
[PlyCount "74"]
[EventDate "2019.??.??"]

1. e4 e5 2. Nf3 Nc6 3. d4 exd4 4. Nxd4 Be7 5. Bc4 d6 6. Nc3 Nf6 7. Bf4 Na5 8.
Bb3 Nxb3 9. Nxb3 O-O 10. Qd3 a6 11. Nd5 Nxd5 12. Qxd5 c6 13. Qd2 d5 14. exd5
Qxd5 15. Qxd5 cxd5 16. O-O-O Be6 17. Rhe1 Rfe8 18. Re2 Bf8 19. Rde1 Bd7 20. Kd2
Rxe2+ 21. Rxe2 Re8 22. Rxe8 Bxe8 23. c3 g6 24. Na5 b6 25. Nb3 Bc6 26. g3 h5 27.
Bc7 b5 28. Bb6 f5 29. f4 Kf7 30. Nc5 Bxc5 31. Bxc5 Ke6 32. Ke3 a5 33. a3 a4 34.
Kd4 Be8 35. h4 Bd7 36. Ba7 Be8 37. Bb8 Bd7 1/2-1/2

[Event "21ème open inter de La Réunion"]
[Site "Salle des fêtes de Bellepierr"]
[Date "2019.10.20"]
[Round "4.17"]
[White "Sandjivy, Jean Marc"]
[Black "Folio, Raphael"]
[Result "1-0"]
[WhiteElo "1218"]
[BlackElo "1440"]
[PlyCount "53"]
[EventDate "2019.??.??"]

1. c4 e5 2. Nc3 Nf6 3. e3 Bb4 4. a3 Ba5 5. b4 Bxb4 6. axb4 d6 7. e4 Be6 8. Nd5
Nxe4 9. d3 Nf6 10. Bg5 Nbd7 11. Nxf6+ Nxf6 12. Qf3 c6 13. Bxf6 gxf6 14. g3 Qb6
15. Rb1 Ke7 16. Ne2 a5 17. b5 cxb5 18. Rxb5 Qd8 19. Rxb7+ Bd7 20. Bh3 Kf8 21.
Rxd7 Qb8 22. O-O Kg7 23. Qg4+ Kf8 24. Bg2 Ra6 25. Bd5 h5 26. Rxf7+ Ke8 27. Qd7#
1-0

[Event "21ème open inter de La Réunion"]
[Site "Salle des fêtes de Bellepierr"]
[Date "2019.10.20"]
[Round "4.19"]
[White "Aujoulat, Fabrice"]
[Black "Gallais, Flavien"]
[Result "1-0"]
[WhiteElo "1400"]
[BlackElo "1236"]
[PlyCount "75"]
[EventDate "2019.??.??"]

1. d4 d5 2. Nf3 Nc6 3. e3 Nf6 4. Bd3 e6 5. Nbd2 Bd6 6. O-O Bd7 7. c3 Ne7 8. Re1
O-O 9. e4 Ng6 10. e5 Be7 11. Bxg6 fxg6 12. exf6 Bxf6 13. Ne5 Bh4 14. Ndf3 Bb5
15. g3 Bf6 16. h4 Bxe5 17. Rxe5 Rf6 18. Bg5 Qd7 19. Bxf6 gxf6 20. Re1 Re8 21.
Qd2 Re7 22. Re3 Qe8 23. Rae1 Bc6 24. b3 Bd7 25. a4 g5 26. hxg5 fxg5 27. Re5 h6
28. Qd3 Qh5 29. c4 dxc4 30. bxc4 Rf7 31. Kg2 Bc6 32. d5 exd5 33. cxd5 Bd7 34.
Re8+ Bxe8 35. Rxe8+ Kg7 36. Qd4+ Kh7 37. Qh8+ Kg6 38. Ne5+ 1-0

[Event "21ème open inter de La Réunion"]
[Site "Salle des fêtes de Bellepierr"]
[Date "2019.10.20"]
[Round "4.20"]
[White "Erudel, Maeva"]
[Black "Fondrat, Thierry"]
[Result "0-1"]
[WhiteElo "1009"]
[BlackElo "1358"]
[PlyCount "122"]
[EventDate "2019.??.??"]

1. d4 d5 2. e3 Nf6 3. c3 e6 4. Bd3 c5 5. f4 Nc6 6. Nf3 cxd4 7. cxd4 Be7 8. Nbd2
Ng4 9. Nf1 O-O 10. h3 Nf6 11. Ng3 Nb4 12. Be2 Qc7 13. O-O Bd7 14. Bd2 Qb6 15.
a3 Nc6 16. b4 Ne4 17. Nxe4 dxe4 18. Ne5 Nxe5 19. fxe5 Bb5 20. Bxb5 Qxb5 21. Qc2
Qd3 22. Qxd3 exd3 23. Rac1 Rac8 24. Rc3 Rxc3 25. Bxc3 Rc8 26. Bb2 Rc2 27. Bc1
d2 28. Bxd2 Rxd2 29. Rc1 g6 30. Rc7 Bg5 31. e4 Be3+ 32. Kf1 Rf2+ 33. Ke1 Rxg2
34. Rxb7 Bxd4 35. a4 Ra2 36. a5 Rb2 37. Kd1 Bxe5 38. Rxa7 Rxb4 39. a6 Rd4+ 40.
Kc2 Rd8 41. Kb3 Rb8+ 42. Kc4 Kg7 43. Kc5 Kf6 44. Kc6 Bd4 45. Rd7 Rb6+ 46. Kc7
Rxa6 47. Rxd4 Ke5 48. Rc4 h5 49. Kd7 Rd6+ 50. Ke7 f5 51. exf5 exf5 52. Rc5+ Rd5
53. Rxd5+ Kxd5 54. Kf6 Ke4 55. Kxg6 f4 56. Kxh5 f3 57. Kg4 f2 58. h4 f1=Q 59.
h5 Qg1+ 60. Kh4 Kf4 61. Kh3 Qg3# 0-1

[Event "21ème open inter de La Réunion"]
[Site "Salle des fêtes de Bellepierr"]
[Date "2019.10.20"]
[Round "4.21"]
[White "Leliboux, Thais"]
[Black "Vaast, Jean"]
[Result "1-0"]
[WhiteElo "1181"]
[BlackElo "1355"]
[PlyCount "59"]
[EventDate "2019.??.??"]

1. d4 e6 2. e4 d5 3. exd5 exd5 4. Nf3 Nf6 5. Bg5 Be7 6. Be2 O-O 7. O-O Re8 8.
Nbd2 c6 9. Re1 Nbd7 10. h3 b6 11. c3 Bb7 12. Nf1 Nf8 13. Ng3 Ne6 14. Be3 Nd7
15. Qc2 Rc8 16. Bd3 g6 17. Rac1 Ndf8 18. Qd2 Bf6 19. c4 dxc4 20. Bxc4 b5 21.
Bxe6 Nxe6 22. Red1 Nc7 23. Bg5 Ne6 24. Bxf6 Qxf6 25. Ne4 Qe7 26. Qh6 f5 27. Nc5
Nxc5 28. dxc5 Qg7 29. Qxg7+ Kxg7 30. Rd7+ 1-0

[Event "21ème open inter de La Réunion"]
[Site "Salle des fêtes de Bellepierr"]
[Date "2019.10.20"]
[Round "4.22"]
[White "Naquin, Miguel"]
[Black "Ova, Roberto"]
[Result "0-1"]
[WhiteElo "1009"]
[BlackElo "1328"]
[PlyCount "64"]
[EventDate "2019.??.??"]

1. e4 c5 2. Bb5 a6 3. Bc4 Nc6 4. Nf3 d6 5. d3 e6 6. Nc3 Na5 7. Bg5 Nf6 8. Bb3
Nxb3 9. cxb3 Be7 10. Qd2 Qa5 11. a3 h6 12. Be3 Ng4 13. Bf4 e5 14. h3 exf4 15.
hxg4 g5 16. O-O Bxg4 17. b4 cxb4 18. axb4 Qxb4 19. Ra4 Qc5 20. Nd4 Bd7 21. b4
Qxd4 22. b5 Qg7 23. Rfa1 Bf6 24. Rb1 Bxc3 25. Qc2 Bxb5 26. Ra3 Rc8 27. f3 Bd4+
28. Kf1 Rxc2 29. Rab3 O-O 30. Ra3 Bc5 31. Rab3 Qd4 32. Ke1 Qg1# 0-1

[Event "21ème open inter de La Réunion"]
[Site "Salle des fêtes de Bellepierr"]
[Date "2019.10.20"]
[Round "4.23"]
[White "Eric Andriana, Fitia"]
[Black "Bosi-Lagarde, Arthur"]
[Result "1-0"]
[WhiteElo "1325"]
[BlackElo "1100"]
[PlyCount "61"]
[EventDate "2019.??.??"]

1. e4 e6 2. d4 b6 3. Nf3 Bb7 4. Nc3 Bb4 5. Bd3 Nf6 6. Qe2 Bxc3+ 7. bxc3 d6 8.
O-O O-O 9. Bg5 Nbd7 10. Rfe1 e5 11. Rad1 h6 12. Bh4 c5 13. dxe5 dxe5 14. Bb5
Qc8 15. Bxd7 Nxd7 16. Qd3 Bc6 17. Qd6 Re8 18. Be7 Ba4 19. Rd2 Qc6 20. Qxc6 Bxc6
21. Bh4 f6 22. Rd6 Ba4 23. Nd2 Rad8 24. Nc4 Bxc2 25. Re2 Bd3 26. Rxd3 Nb8 27.
Red2 Nc6 28. Rxd8 Nxd8 29. Nd6 Re7 30. Nc8 Re8 31. Nxa7 1-0

[Event "21ème open inter de La Réunion"]
[Site "Salle des fêtes de Bellepierr"]
[Date "2019.10.20"]
[Round "4.24"]
[White "Parame, Bruno"]
[Black "Alleman, Robin"]
[Result "0-1"]
[WhiteElo "1199"]
[BlackElo "1098"]
[PlyCount "128"]
[EventDate "2019.??.??"]

1. d4 d5 2. Nf3 g6 3. e3 Bg7 4. c3 Bg4 5. h3 Bxf3 6. Qxf3 f5 7. Be2 Nf6 8. c4
c6 9. Nc3 Qd6 10. c5 Qc7 11. Bd3 Ne4 12. Ne2 Ng5 13. Qf4 Qxf4 14. Nxf4 e5 15.
dxe5 Bxe5 16. Ne2 Bf6 17. h4 Ne6 18. b4 Bxa1 19. O-O Bf6 20. Re1 b6 21. Ng3 O-O
22. h5 bxc5 23. bxc5 Nxc5 24. Bc2 Re8 25. Ba3 Nbd7 26. Ne2 Bg5 27. Nd4 Rac8 28.
f4 Bxf4 29. Kf2 Bg5 30. Bc1 Bh4+ 31. g3 Bg5 32. hxg6 hxg6 33. Nf3 Bf6 34. Rh1
Kg7 35. Nd2 Rh8 36. Rg1 Rh7 37. g4 Ne5 38. gxf5 Ned3+ 39. Bxd3 Nxd3+ 40. Kf3
Nxc1 41. fxg6 Rh6 42. Rxc1 Rxg6 43. Nb3 Bg5 44. Nc5 Re8 45. Rc3 Rxe3+ 46. Rxe3
Bxe3 47. Kxe3 Rg3+ 48. Kd4 Kf7 49. Ke5 Ke7 50. Kf5 Re3 51. a4 d4 52. Kf4 Kd6
53. Ne4+ Rxe4+ 54. Kxe4 c5 55. Kd3 Kd5 56. a5 c4+ 57. Kc2 d3+ 58. Kd2 Kd4 59.
a6 c3+ 60. Kd1 c2+ 61. Kd2 Kc4 62. Kc1 Kb3 63. Kd2 Kb2 64. Kxd3 c1=Q 0-1

[Event "21ème open inter de La Réunion"]
[Site "Salle des fêtes de Bellepierr"]
[Date "2019.10.20"]
[Round "4.25"]
[White "Mohamed, Keziah"]
[Black "Sandjivy, Yann"]
[Result "1-0"]
[WhiteElo "1033"]
[BlackElo "1120"]
[PlyCount "65"]
[EventDate "2019.??.??"]

1. d4 Nc6 2. e3 Nf6 3. Nd2 e5 4. c3 exd4 5. exd4 Bd6 6. Bd3 O-O 7. Ne2 Ng4 8.
h3 Nf6 9. O-O b6 10. f4 Bb7 11. Nf3 Qe8 12. Ng3 Na5 13. Ne5 Qe6 14. Qe2 c5 15.
Nf5 Qd5 16. Nxd6 Qxd6 17. Rd1 Qd5 18. Bc2 c4 19. Re1 Nh5 20. Be4 Qe6 21. Bxb7
Nxb7 22. Qxh5 b5 23. g4 Qa6 24. Nxd7 Rfd8 25. Re7 Nd6 26. f5 Qa4 27. Bf4 b4 28.
Bxd6 g6 29. Nf6+ Kg7 30. Qxh7+ Kxf6 31. Qxf7+ Kg5 32. Qxg6+ Kh4 33. Qh5# 1-0

[Event "21ème open inter de La Réunion"]
[Site "Salle des fêtes de Bellepierre"]
[Date "2019.10.20"]
[Round "5.1"]
[White "Rodier, David"]
[Black "Triton, Maxime"]
[Result "1/2-1/2"]
[WhiteElo "2161"]
[BlackElo "1835"]
[PlyCount "69"]
[EventDate "2019.??.??"]

1. d4 Nf6 2. c4 g6 3. Nc3 Bg7 4. e4 d6 5. f4 c5 6. d5 e6 7. Nf3 exd5 8. cxd5
O-O 9. Be2 Re8 10. e5 dxe5 11. fxe5 Ng4 12. Bg5 Qa5 13. O-O Nxe5 14. Ne4 Nbd7
15. Nd6 Nxf3+ 16. Rxf3 Rf8 17. Be7 Ne5 18. Ra3 Qb4 19. Ra4 Qb6 20. Bxf8 Kxf8
21. Nc4 Nxc4 22. Rxc4 Bf5 23. Bd3 Qxb2 24. Rb1 Bd4+ 25. Kh1 Qxa2 26. Rxb7 Re8
27. Qf1 Bf2 28. Rc1 Qxd5 29. Ba6 Bd4 30. Rxa7 Qe4 31. Bc4 Re7 32. Rxe7 Qxe7 33.
Re1 Qd7 34. h3 Kg7 35. Qf3 1/2-1/2

[Event "21ème open inter de La Réunion"]
[Site "Salle des fêtes de Bellepierre"]
[Date "2019.10.20"]
[Round "5.2"]
[White "Testud, Philippe"]
[Black "Hercules, Benjamin Vincent"]
[Result "0-1"]
[WhiteElo "2140"]
[BlackElo "2182"]
[PlyCount "72"]
[EventDate "2019.??.??"]

1. d4 Nf6 2. Nf3 d5 3. e3 c6 4. Bd3 Bg4 5. Nbd2 e6 6. O-O Bd6 7. b3 Nbd7 8. Bb2
O-O 9. Qe1 Qc7 10. c4 e5 11. cxd5 Nxd5 12. Qb1 f5 13. e4 Nf4 14. Bc4+ Kh8 15.
Ng5 exd4 16. f3 Bh5 17. g3 h6 18. gxf4 hxg5 19. e5 Bb4 20. Qe1 b5 21. Bd3 Nc5
22. Bb1 Bc3 23. Qc1 b4 24. Bxc3 bxc3 25. Nc4 gxf4 26. Qxf4 Ne6 27. Qh4 g6 28.
Bd3 Qd8 29. Qxd8 Raxd8 30. h4 Nf4 31. Rad1 g5 32. hxg5 Rg8 33. Nd6 Rxg5+ 34.
Kh1 Nxd3 35. Rxd3 Rd7 36. Rxd4 Bxf3+ 0-1

[Event "21ème open inter de La Réunion"]
[Site "Salle des fêtes de Bellepierre"]
[Date "2019.10.20"]
[Round "5.3"]
[White "Gimenez Martinez, Alberto"]
[Black "Randriambololona, Herimanjatosoa"]
[Result "1/2-1/2"]
[WhiteElo "2225"]
[BlackElo "1886"]
[PlyCount "144"]
[EventDate "2019.??.??"]

1. e4 e5 2. Bc4 Nf6 3. d3 c6 4. Nf3 d6 5. O-O Be7 6. Re1 Nbd7 7. a4 Qc7 8. Nbd2
a5 9. Nf1 Rb8 10. Ng3 b5 11. axb5 cxb5 12. Ba2 Nc5 13. c3 Be6 14. d4 Bxa2 15.
Rxa2 Ne6 16. Nf5 g6 17. Nxe7 Kxe7 18. Qb3 exd4 19. cxd4 Rhc8 20. Ra1 a4 21. Qe3
Ng4 22. Qa3 Qc2 23. Be3 Nxe3 24. Qxe3 Qxb2 25. d5 Ng7 26. e5 Nf5 27. Qa7+ Kf8
28. Ng5 Nh6 29. e6 Ra8 30. Qb7 Rab8 31. Qd7 Kg7 32. exf7 Rf8 33. Ne6+ Kf6 34.
Nxf8 Rxf8 35. Qxd6+ Kg7 36. Rab1 Qc3 37. Qe5+ Qxe5 38. Rxe5 Nxf7 39. Re6 Ng5
40. Rb6 Ne4 41. R6xb5 Nc3 42. Rb7+ Kf6 43. Ra1 Ke5 44. Rxh7 Kxd5 45. Rc7 Nb5
46. Rg7 Ra8 47. Rxg6 a3 48. h4 a2 49. Rb6 Kc5 50. Rb7 Kc6 51. Rg7 Nd4 52. Rg4
Nb3 53. Rxa2 Rxa2 54. Re4 Nd2 55. Re8 Kd7 56. Re1 Ra4 57. Re2 Ne4 58. g3 Nc3
59. Re1 Re4 60. Rxe4 Nxe4 61. Kg2 Ke6 62. f3 Nd2 63. g4 Ke5 64. Kg3 Nf1+ 65.
Kf2 Nd2 66. Kg3 Nf1+ 67. Kh3 Kf4 68. h5 Nd2 69. h6 Nxf3 70. g5 Nxg5+ 71. Kh4
Kf5 72. Kh5 Kf6 1/2-1/2

[Event "21ème open inter de La Réunion"]
[Site "Salle des fêtes de Bellepierre"]
[Date "2019.10.20"]
[Round "5.4"]
[White "Evrin, Selvam"]
[Black "Lorans, Sylvain"]
[Result "1/2-1/2"]
[WhiteElo "1788"]
[BlackElo "2116"]
[PlyCount "44"]
[EventDate "2019.??.??"]

1. e4 c5 2. Nf3 d6 3. d4 cxd4 4. Nxd4 Nf6 5. Nc3 a6 6. Be3 Ng4 7. Bg5 h6 8. Bh4
g5 9. Bg3 Bg7 10. Qd2 Nc6 11. Nb3 Be6 12. h4 gxh4 13. Bxh4 Rc8 14. O-O-O Nb4
15. Kb1 Bxb3 16. cxb3 Qa5 17. Rh3 Ne5 18. Rg3 Ng6 19. Bxe7 Nxa2 20. Qxd6 Qc7
21. Kxa2 Qxe7 22. Qb6 Rc6 1/2-1/2

[Event "21ème open inter de La Réunion"]
[Site "Salle des fêtes de Bellepierre"]
[Date "2019.10.20"]
[Round "5.5"]
[White "Rebut, Paul"]
[Black "Quere, Alexandre"]
[Result "1-0"]
[WhiteElo "1863"]
[BlackElo "2042"]
[PlyCount "23"]
[EventDate "2019.??.??"]

1. e4 e6 2. d4 b6 3. Nc3 Bb7 4. a3 Nf6 5. Bd3 c5 6. Be3 c4 7. Bxc4 Nxe4 8. Nxe4
Bxe4 9. Qg4 f5 10. Qg3 b5 11. Be2 Nc6 12. Bh5+ 1-0

[Event "21ème open inter de La Réunion"]
[Site "Salle des fêtes de Bellepierre"]
[Date "2019.10.20"]
[Round "5.6"]
[White "Dace, Jean Emeric"]
[Black "Hamon, Christian"]
[Result "0-1"]
[WhiteElo "1654"]
[BlackElo "2001"]
[PlyCount "72"]
[EventDate "2019.??.??"]

1. Nf3 d6 2. c4 e5 3. Nc3 f5 4. d3 Nf6 5. g3 Be7 6. Qb3 c6 7. Bg2 Nbd7 8. a4
O-O 9. Bd2 e4 10. Nd4 Nc5 11. Qc2 d5 12. b4 Na6 13. Na2 Kh8 14. c5 exd3 15.
exd3 Ng4 16. O-O Bf6 17. Bc3 Nc7 18. Rae1 Bd7 19. Nc1 Re8 20. Nce2 Qe7 21. h3
Ne5 22. Nf4 Qf7 23. Nf3 Nxf3+ 24. Bxf3 d4 25. Bd2 g6 26. Rxe8+ Rxe8 27. h4 Ne6
28. Ne2 Kg8 29. b5 Nc7 30. Ba5 Nd5 31. bxc6 Bxc6 32. Kg2 Qd7 33. Qc4 Kg7 34.
Bd2 Nc7 35. Nf4 Bxf3+ 36. Kh2 Nd5 0-1